[Event "ASKO Klubbmesterskap 2009 B"]
[Site "Oslo"]
[Date "2009.04.07"]
[Round "5"]
[White "Chikwati, Elvis"]
[Black "Øhman, Tage"]
[Result "1-0"]
[WhiteElo "1262"]
[BlackElo "1588"]
[PlyCount "93"]
[EventDate "2009.??.??"]

1. Nf3 d5 2. c4 c6 3. b3 Nf6 4. Bb2 Bf5 5. d3 e6 6. g3 Nbd7 7. Bg2 Be7 8. O-O
h6 9. Nbd2 O-O 10. a3 a5 11. Ra2 Re8 12. Re1 Bg4 13. Qa1 Qb6 14. e4 Bxf3 15.
Bxf3 Nc5 16. Bd4 e5 17. b4 exd4 18. bxc5 Bxc5 19. Rb1 Qa6 20. Nb3 Bd6 21. exd5
cxd5 22. Qxd4 a4 23. Nd2 Rac8 24. Qb6 dxc4 25. Nxc4 Bc5 26. Qxa6 bxa6 27. Rab2
Rcd8 28. Rd1 Nd5 29. Bxd5 Rxd5 30. Kf1 Red8 31. Ke2 g5 32. Ne3 Re5 33. d4 Rxd4
34. Rxd4 Bxd4 35. Rb4 Bxe3 36. fxe3 Ra5 37. Kf3 Kg7 38. Kg4 Kg6 39. Kf3 h5 40.
h3 f6 41. g4 h4 42. Ke4 f5+ 43. gxf5+ Rxf5 44. Rb6+ Rf6 45. Rxf6+ Kxf6 46. Kf3
Kf5 47. e4+ 1-0

[Event "ASKO Klubbmesterskap 2009 A"]
[Site "Oslo"]
[Date "2009.04.28"]
[Round "5"]
[White "Einarsen, Kenneth"]
[Black "Hole, Øystein"]
[Result "0-1"]
[WhiteElo "1850"]
[BlackElo "2374"]
[PlyCount "118"]
[EventDate "2009.??.??"]

1. e4 c6 2. d4 d5 3. Nc3 dxe4 4. Nxe4 Bf5 5. Ng3 Bg6 6. h4 h6 7. Nf3 Nd7 8. h5
Bh7 9. Bd3 Bxd3 10. Qxd3 e6 11. Bd2 Ngf6 12. O-O-O Be7 13. Ne4 O-O 14. Kb1 c5
15. Bc3 Nd5 16. dxc5 Qc7 17. Bd4 Nxc5 18. Nxc5 Bxc5 19. Bxc5 Qxc5 20. Qd4 Rac8
21. Qxc5 Rxc5 22. g4 Nf6 23. Nh2 Rfc8 24. Rd2 Rc4 25. f3 Kf8 26. Re1 Ke7 27.
Nf1 Rd8 28. Rxd8 Kxd8 29. Rd1+ Ke7 30. Rd3 Nd7 31. Nd2 Rf4 32. Rc3 f5 33. Rc7
fxg4 34. fxg4 Rxg4 35. c3 b6 36. Rxa7 Rh4 37. a4 Rxh5 38. Nc4 Kd8 39. b4 b5 40.
Ra8+ Ke7 41. a5 bxc4 42. a6 Rh1+ 43. Kb2 Rh2+ 44. Kb1 Rh1+ 45. Kb2 Nb6 46. Rb8
Na4+ 47. Ka2 Rh2+ 48. Ka3 Nxc3 49. b5 Ra2+ 50. Kb4 Nd5+ 51. Kxc4 Kd6 52. Rb7
Ra3 53. Rxg7 Ke5 54. b6 Rxa6 55. b7 Rb6 56. Rh7 Kd6 57. Rxh6 Rxb7 58. Rh5 Rb4+
59. Kd3 Nf4+ 0-1

[Event "ASKO Klubbmesterskap 2009 B"]
[Site "Oslo"]
[Date "2009.04.07"]
[Round "5"]
[White "Johansen, Pål H."]
[Black "Gundersen, Vegard"]
[Result "1-0"]
[WhiteElo "1566"]
[BlackElo "1223"]
[PlyCount "55"]
[EventDate "2009.??.??"]

1. Nf3 f5 2. d4 Nf6 3. c4 d5 4. e3 e6 5. Nc3 c6 6. Rb1 Ne4 7. Qc2 a5 8. c5 b5
9. Nxb5 cxb5 10. Bxb5+ Ke7 11. Ne5 Qc7 12. f3 Nf6 13. b3 Nfd7 14. Nd3 Nc6 15.
a3 Ba6 16. Bxa6 Rxa6 17. b4 axb4 18. axb4 Ra8 19. O-O Rb8 20. Qa4 Nd8 21. Bd2
Nc6 22. Rfc1 g6 23. b5 Nd8 24. Nb4 Qb7 25. c6 Nb6 26. cxb7 Nxa4 27. Nc6+ Nxc6
28. bxc6 1-0

[Event "ASKO Klubbmesterskap 2009 A"]
[Site "Oslo"]
[Date "2009.04.28"]
[Round "5"]
[White "Olsen, Andrei"]
[Black "Briseid, Håkon"]
[Result "0-1"]
[WhiteElo "1623"]
[BlackElo "1933"]
[PlyCount "80"]
[EventDate "2009.??.??"]

1. d4 Nf6 2. c4 c5 3. d5 b5 4. cxb5 a6 5. b6 e6 6. Nc3 Nxd5 7. Nxd5 exd5 8.
Qxd5 Nc6 9. Nf3 Rb8 10. Bd2 Be7 11. Ne5 Nxe5 12. Qxe5 d6 13. Qg3 Bf6 14. Bc3
Bxc3+ 15. Qxc3 Qxb6 16. b3 O-O 17. e4 Re8 18. Bd3 Bb7 19. f3 f5 20. O-O-O fxe4
21. fxe4 a5 22. Rhf1 Rf8 23. Qc4+ Kh8 24. Qe6 Rfe8 25. Qf7 c4 26. Bxc4 Qe3+ 27.
Kb2 Qg5 28. Rf5 Qxg2+ 29. Ka3 Bxe4 30. Re1 Rec8 31. Be6 Rd8 32. Rf2 Qg5 33.
Rxe4 Qc1+ 34. Ka4 Qc6+ 35. Ka3 Qxe4 36. Rf4 Qe3 37. Rh4 Qc1+ 38. Ka4 Rb4+ 39.
Rxb4 axb4 40. Kxb4 Qc5+ 0-1

[Event "ASKO Klubbmesterskap 2009 A"]
[Site "Oslo"]
[Date "2009.03.17"]
[Round "5"]
[White "Søreng, Eirik"]
[Black "Flügel, Stefan"]
[Result "1-0"]
[WhiteElo "1628"]
[BlackElo "1600"]
[PlyCount "120"]
[EventDate "2009.??.??"]

1. e4 e5 2. Nf3 Nc6 3. Bb5 f5 4. d3 fxe4 5. dxe4 Nf6 6. O-O d6 7. Qe2 Bg4 8.
Qc4 Qd7 9. Ng5 h6 10. f3 Bh5 11. Bxc6 bxc6 12. Nh3 d5 13. Qc3 Bd6 14. Nd2 Rb8
15. a3 Bg6 16. b4 O-O 17. Nf2 d4 18. Qd3 Kh8 19. Nc4 Rb5 20. a4 Rbb8 21. Ba3
Qe7 22. c3 Nd5 23. cxd4 Nf4 24. Qd2 exd4 25. Nd3 Nxd3 26. Qxd3 Bxb4 27. Qxd4
Bxa3 28. Rxa3 Bf7 29. Rc3 Qb4 30. Rfc1 Qxa4 31. Qe5 Rb5 32. Qe7 Kg8 33. Ra3 Qb4
34. Qxb4 Rxb4 35. Ne5 Ra8 36. Nxc6 Rc4 37. Rxc4 Bxc4 38. Kf2 a6 39. e5 Bb5 40.
Nd4 Rd8 41. Ke3 Kf7 42. Rc3 Rc8 43. Rc5 Bd7 44. f4 g6 45. h3 h5 46. Ke4 c6 47.
Kf3 Be6 48. g4 Rd8 49. Nxe6 Kxe6 50. Rxc6+ Kf7 51. Rxa6 Rd3+ 52. Kg2 h4 53. Ra2
Ke6 54. Re2 Rd4 55. Kf3 Rd3+ 56. Re3 Rd1 57. Ke4 Rf1 58. Re2 Rh1 59. f5+ gxf5+
60. gxf5+ Ke7 1-0

[Event "ASKO Klubbmesterskap 2009 A"]
[Site "Oslo"]
[Date "2009.04.21"]
[Round "6"]
[White "Briseid, Håkon"]
[Black "Hole, Øystein"]
[Result "1/2-1/2"]
[WhiteElo "1933"]
[BlackElo "2374"]
[PlyCount "81"]
[EventDate "2009.??.??"]

1. d4 d5 2. c4 c6 3. Nf3 Nf6 4. Nc3 dxc4 5. a4 Bf5 6. Ne5 Nbd7 7. Nxc4 Qc7 8.
g3 e5 9. dxe5 Nxe5 10. Bf4 Nfd7 11. Bg2 g5 12. Ne3 gxf4 13. Nxf5 O-O-O 14. Qc2
Ng6 15. O-O-O Kb8 16. Ne4 Bb4 17. Rd4 a5 18. Rhd1 Nb6 19. Nc5 fxg3 20. hxg3 Ne7
21. Nxe7 Qxe7 22. Rxd8+ Rxd8 23. Rxd8+ Qxd8 24. Nxb7 Qf6 25. Qxc6 Qxc6+ 26.
Bxc6 Kc7 27. Be4 Nxa4 28. Kc2 h6 29. Kb3 Nc5+ 30. Nxc5 Bxc5 31. f3 Kd6 32. Kc4
Bf2 33. g4 Ke5 34. Kb5 Bd4 35. b3 Bc3 36. e3 Bd2 37. Bb7 Kd6 38. Bc8 f6 39. Bf5
Kd5 40. Bg6 Ke6 41. Bf5+ 1/2-1/2

[Event "ASKO Klubbmesterskap 2009 A"]
[Site "Oslo"]
[Date "2009.04.21"]
[Round "6"]
[White "Erikstad, Olav"]
[Black "Søreng, Eirik"]
[Result "1/2-1/2"]
[WhiteElo "1624"]
[BlackElo "1650"]
[PlyCount "93"]
[EventDate "2009.??.??"]

1. e4 e5 2. f4 exf4 3. Bc4 Nf6 4. Nc3 c6 5. Nf3 d5 6. exd5 b5 7. Bb3 b4 8. Ne2
Nxd5 9. d4 g5 10. O-O Bd6 11. Ne5 Be6 12. c4 bxc3 13. Nxc3 Nxc3 14. bxc3 Bxb3
15. Qxb3 O-O 16. Ng4 Kg7 17. c4 h5 18. Ne5 Bxe5 19. dxe5 Qb6+ 20. Qxb6 axb6 21.
h4 Ra4 22. hxg5 Rxc4 23. Bxf4 Nd7 24. Rad1 Nc5 25. Be3 Ne6 26. Rf6 Re4 27. Bc1
Ra8 28. Rdf1 Nd8 29. a3 Re2 30. Rh6 Ra4 31. e6 Nxe6 32. Rhf6 Rg4 33. Rxf7+ Kg8
34. R7f2 Rxf2 35. Rxf2 Nxg5 36. Rf5 Ne6 37. Rxh5 c5 38. Rd5 Kf7 39. Rd6 b5 40.
Rb6 Nd4 41. Be3 c4 42. Bxd4 Rxd4 43. Rxb5 Rd1+ 44. Kf2 Rd2+ 45. Ke1 Rxg2 46.
Rc5 Ra2 47. Rxc4 1/2-1/2

[Event "ASKO Klubbmesterskap 2009 B"]
[Site "Oslo"]
[Date "2009.05.12"]
[Round "6"]
[White "Gundersen, Vegard"]
[Black "Olaussen, Atle Gjøran"]
[Result "1-0"]
[WhiteElo "1223"]
[BlackElo "1311"]
[PlyCount "47"]
[EventDate "2009.??.??"]

1. e4 e5 2. f4 Bc5 3. Nf3 d6 4. Nc3 Nf6 5. d3 Nc6 6. Na4 Bb6 7. Nxb6 axb6 8.
Be2 O-O 9. f5 d5 10. Nd2 d4 11. g4 g5 12. h4 gxh4 13. g5 Ne8 14. Nf3 Kg7 15.
Rxh4 Rh8 16. Kf2 Qd6 17. Bd2 Kg8 18. Nh2 Ne7 19. Ng4 Kf8 20. Nh6 Ng8 21. Nxf7
Kxf7 22. g6+ Ke7 23. Rxh7+ Rxh7 24. gxh7 1-0

[Event "ASKO Klubbmesterskap 2009 A"]
[Site "Oslo"]
[Date "2009.04.21"]
[Round "6"]
[White "Olsen, Andrei"]
[Black "Hjelle, Øyvind"]
[Result "1/2-1/2"]
[WhiteElo "1623"]
[BlackElo "1412"]
[PlyCount "135"]
[EventDate "2009.??.??"]

1. d4 Nf6 2. c4 e6 3. Nf3 b6 4. a3 Bb7 5. Nbd2 g6 6. g3 Bg7 7. Bg2 O-O 8. O-O
d6 9. e3 Nbd7 10. b4 c5 11. Bb2 cxd4 12. exd4 Rc8 13. Rc1 Re8 14. Qa4 a6 15.
Rfd1 Bc6 16. Qb3 Nf8 17. a4 b5 18. axb5 axb5 19. c5 Bd5 20. Qd3 Qd7 21. h3 Bh6
22. Ra1 Qc6 23. Nh4 Bxg2 24. Nxg2 N8d7 25. Nb3 Bg7 26. Na5 Qe4 27. Ne1 dxc5 28.
dxc5 Qxb4 29. Bc3 Qxc5 30. Rac1 Qf5 31. Qxf5 exf5 32. Nb7 Re2 33. Nd6 Rb8 34.
Kf1 Re6 35. Rb1 Nf8 36. Nxb5 Reb6 37. Na3 Rxb1 38. Nxb1 Ne6 39. Be5 Re8 40. Bc3
Ng5 41. h4 Nge4 42. Ba5 Ng4 43. Bb6 Rb8 44. Ba7 Rxb1 45. Rd8+ Bf8 46. f3 Nxg3+
47. Kg2 Kg7 48. fxg4 f4 49. Nd3 Rd1 50. Rd7 Rd2+ 51. Kf3 Ne2 52. g5 Nc1 53.
Bd4+ Kg8 54. Nxc1 h6 55. Ne2 hxg5 56. hxg5 Rd1 57. Rd8 f5 58. Nxf4 Kf7 59. Bf6
Rxd8 60. Bxd8 Bd6 61. Nd5 Ke6 62. Nf6 Ke5 63. Ba5 Be7 64. Ng8 Bxg5 65. Bc3+ Kd5
66. Nf6+ Bxf6 67. Bxf6 Ke6 68. Bg5 1/2-1/2

[Event "ASKO Klubbmesterskap 2009 A"]
[Site "Oslo"]
[Date "2009.06.18"]
[Round "6"]
[White "Skrondal, Inge Sandstad"]
[Black "Ali, Karim"]
[Result "1-0"]
[WhiteElo "1666"]
[BlackElo "2190"]
[Annotator "Inge"]
[PlyCount "27"]
[EventDate "2009.??.??"]

1. Nf3 Nf6 2. c4 g6 3. Nc3 Bg7 4. e4 d6 5. d4 e5 $2 6. dxe5 dxe5 7. Qxd8+ Kxd8
8. Nxe5 Re8 $146 (8... Nxe4 9. Nxe4 Bxe5 10. Bg5+ Ke8 11. Nf6+ Kf8 12. Bh6+ Ke7
13. Nd5+ Ke8 14. O-O-O Be6 15. f4 Bxd5 16. Rxd5 Bd6 17. c5 Be7 18. Bc4 Nc6 19.
Re1 Rd8 20. a3 Rd7 21. b4 Nd8 22. Rde5 Ne6 23. Bxe6 fxe6 24. Rxe6 Kf7 25. Bg7
Rhd8 26. Bc3 c6 27. Kc2 a5 28. g4 axb4 29. axb4 Ra8 30. Kb3 Rad8 31. f5 gxf5
32. Rh6 Bg5 33. Rxh7+ Kg6 34. Rxd7 Rxd7 35. Re6+ Kf7 36. gxf5 Rd5 37. Rg6 Rxf5
38. Rg7+ Ke6 39. Rxb7 Rf3 40. Rc7 Bd2 41. Rxc6+ Ke7 42. Rd6 {
1/2-1/2 Spraggett, K (2540)-Pares Vives,J (2355)/Malgrat del Mar 1991/EXT 2004}
) 9. Nxf7+ Ke7 10. Ng5 h6 11. Nf3 Kf8 12. Bd3 Nc6 13. Be3 Nb4 14. Bc5+ 1-0

[Event "ASKO Klubbmesterskap 2009 B"]
[Site "Oslo"]
[Date "2009.04.21"]
[Round "6"]
[White "Syversrud, Jørn Christian"]
[Black "Valle, Stian"]
[Result "0-1"]
[WhiteElo "1274"]
[BlackElo "1163"]
[PlyCount "50"]
[EventDate "2009.??.??"]

1. d4 d5 2. c4 dxc4 3. Nc3 g6 4. Nf3 Bg7 5. e3 Nf6 6. Bxc4 O-O 7. O-O c6 8. Re1
b5 9. Bd3 Qb6 10. Bd2 Rd8 11. Rc1 a6 12. Ne4 Nxe4 13. Bxe4 Ra7 14. Qc2 Be6 15.
Bb4 Nd7 16. Bxe7 Re8 17. Bc5 Nxc5 18. Qxc5 Qxc5 19. Rxc5 Bxa2 20. Bxc6 Rc8 21.
Be4 Rxc5 22. dxc5 Rc7 23. Rc1 Bc4 24. b4 Bb2 25. Nd4 Bxc1 0-1

[Event "ASKO Klubbmesterskap 2009 A"]
[Site "Oslo"]
[Date "2009.06.04"]
[Round "7"]
[White "Ali, Karim"]
[Black "Olsen, Andrei"]
[Result "1/2-1/2"]
[WhiteElo "1666"]
[BlackElo "1623"]
[PlyCount "82"]
[EventDate "2009.??.??"]

1. e4 e6 2. d4 d5 3. e5 c5 4. c3 Nc6 5. Nf3 Qb6 6. Bd3 cxd4 7. cxd4 Bd7 8. O-O
Nxd4 9. Nxd4 Qxd4 10. Nc3 a6 11. Qe2 Ne7 12. Rd1 Nc6 13. Bb5 Qb6 14. Be3 Qc7
15. Ba4 Be7 16. Rac1 O-O 17. Bc2 Qxe5 18. f4 Qb8 19. Na4 Qe8 20. Nc5 Rb8 21.
Bb1 Bf6 22. g4 g6 23. g5 Bg7 24. h4 Bc8 25. Nb3 Qd7 26. Qf2 Rd8 27. Bb6 Rf8 28.
Be4 e5 29. Rxd5 Qg4+ 30. Bg2 exf4 31. Bc7 Be6 32. Rd2 Rbc8 33. Bxf4 Rfd8 34.
Kh2 Rxd2 35. Nxd2 Bxb2 36. Ne4 Qxf4+ 37. Qxf4 Be5 38. Qxe5 Nxe5 39. Rxc8+ Bxc8
40. Nd6 Be6 41. Bxb7 Bxa2 1/2-1/2

[Event "ASKO Klubbmesterskap 2009 A"]
[Site "Oslo"]
[Date "2009.05.05"]
[Round "7"]
[White "Einarsen, Kenneth"]
[Black "Erikstad, Olav"]
[Result "1-0"]
[WhiteElo "1850"]
[BlackElo "1624"]
[PlyCount "107"]
[EventDate "2009.??.??"]

1. e4 c6 2. d4 d5 3. Nc3 dxe4 4. Nxe4 Nd7 5. Ng5 Ngf6 6. Bd3 e6 7. N1f3 Bd6 8.
c4 h6 9. Ne4 Nxe4 10. Bxe4 Nf6 11. Bc2 Qc7 12. O-O Bd7 13. Bd2 O-O 14. Bc3 c5
15. dxc5 Bxc5 16. Qd3 Rfd8 17. Bxf6 gxf6 18. Qh7+ Kf8 19. Nh4 Qf4 20. g3 Qg5
21. Ng6+ fxg6 22. Bxg6 Be8 23. Qh8+ Ke7 24. Qg7+ Kd6 25. Rad1+ Kc6 26. Bxe8+
Kb6 27. Qxg5 hxg5 28. Bf7 e5 29. Rd5 Rxd5 30. cxd5 Rc8 31. Re1 Bd4 32. Re2 Rc1+
33. Kg2 Kc5 34. h4 gxh4 35. gxh4 Kd6 36. h5 Rc7 37. Bg6 Rg7 38. Kf3 Kxd5 39.
Be4+ Kd6 40. h6 Rg8 41. h7 Rh8 42. Bf5 Ke7 43. Rc2 Bb6 44. Ke4 Kf7 45. f3 Rd8
46. f4 Rd4+ 47. Kf3 Rxf4+ 48. Kg3 Kg7 49. Rc8 Bf2+ 50. Kg2 Rh4 51. Kxf2 Rh5 52.
Rg8+ Kf7 53. h8=Q Rxf5+ 54. Ke3 1-0

[Event "ASKO Klubbmesterskap 2009 B"]
[Site "Oslo"]
[Date "2009.05.12"]
[Round "7"]
[White "Fjellheim, Marius"]
[Black "Johansen, Pål H."]
[Result "0-1"]
[WhiteElo "1416"]
[BlackElo "1566"]
[PlyCount "46"]
[EventDate "2009.??.??"]

1. d4 Nf6 2. Bf4 g6 3. Nf3 Bg7 4. e3 O-O 5. Bd3 d6 6. Nbd2 Nbd7 7. h3 Re8 8.
Bh2 e5 9. dxe5 dxe5 10. e4 Nh5 11. Qe2 Nf4 12. Bxf4 exf4 13. O-O-O Qf6 14. c3
Nc5 15. g4 fxg3 16. fxg3 Nxd3+ 17. Qxd3 Be6 18. Kb1 Rad8 19. Qe3 Bd5 20. h4 Qa6
21. a3 Qa4 22. h5 Bxe4+ 23. Nxe4 Rxd1+ 0-1

[Event "ASKO Klubbmesterskap 2009 B"]
[Site "Oslo"]
[Date "2009.05.05"]
[Round "7"]
[White "Gundersen, Vegard"]
[Black "Syversrud, Jørn Christian"]
[Result "0-1"]
[WhiteElo "1223"]
[BlackElo "1274"]
[PlyCount "54"]
[EventDate "2009.??.??"]

1. e4 c5 2. f4 Nc6 3. Nf3 d6 4. Bc4 e6 5. Nc3 Be7 6. O-O Nf6 7. b3 Nxe4 8. Nxe4
d5 9. Bxd5 exd5 10. Ng3 O-O 11. d3 Bg4 12. Bb2 Bf6 13. Rb1 Bxb2 14. Rxb2 Nd4
15. c3 Nf5 16. Nxf5 Bxf5 17. Ne5 f6 18. Nf3 Bg4 19. h3 Bxf3 20. Qxf3 Qd7 21. g4
Rae8 22. d4 cxd4 23. cxd4 Re4 24. Rd1 Rfe8 25. Rd3 Qe7 26. Kf2 Qb4 27. Rbd2 Qd6
0-1

[Event "ASKO Klubbmesterskap 2009 A"]
[Site "Oslo"]
[Date "2009.05.05"]
[Round "7"]
[White "Hjelle, Øyvind"]
[Black "Briseid, Håkon"]
[Result "1-0"]
[WhiteElo "1412"]
[BlackElo "1933"]
[PlyCount "101"]
[EventDate "2009.??.??"]

1. d4 Nf6 2. c4 c5 3. d5 b5 4. Nf3 g6 5. cxb5 a6 6. b6 Qxb6 7. Nc3 Bg7 8. e4 d6
9. Nd2 O-O 10. Nc4 Qc7 11. Bd2 Nbd7 12. a4 Nb6 13. Ne3 e6 14. a5 Nbd7 15. Bc4
Ne5 16. Be2 exd5 17. Ncxd5 Nxd5 18. Nxd5 Qb7 19. Bc3 Be6 20. Nb6 Rad8 21. Qc2
f5 22. f4 Nc6 23. O-O Nd4 24. Bxd4 Bxd4+ 25. Kh1 fxe4 26. Rae1 Rf6 27. Bc4 d5
28. Ba2 Rdf8 29. Qb3 c4 30. Qb4 Bxb6 31. axb6 Bf7 32. Qc3 Rxb6 33. f5 Rxb2 34.
Bb1 Qb4 35. Qf6 Qd2 36. Rg1 gxf5 37. Rd1 Qb4 38. Qxf5 Qb6 39. Rdf1 Qg6 40. Qe5
Qg7 41. Qd6 a5 42. Rf4 c3 43. h3 h5 44. g4 h4 45. g5 c2 46. Bxc2 Rxc2 47. g6
Rc1 48. Rxc1 Bxg6 49. Rxf8+ Qxf8 50. Qxg6+ Kh8 51. Qh5+ 1-0

[Event "ASKO Klubbmesterskap 2009 B"]
[Site "Oslo"]
[Date "2009.05.05"]
[Round "7"]
[White "Lade, Arnstein"]
[Black "Fjellheim, Marius"]
[Result "1-0"]
[WhiteElo "1534"]
[BlackElo "1420"]
[PlyCount "111"]
[EventDate "2009.??.??"]

1. c4 c6 2. d4 d5 3. Nc3 e6 4. e4 Bb4 5. e5 Ne7 6. a3 Ba5 7. b4 Bc7 8. Bg5 Nd7
9. Qg4 Nxe5 10. dxe5 Bxe5 11. Bd2 Nf5 12. Nf3 h5 13. Qh3 Qf6 14. Rc1 g5 15.
Nxg5 Bxc3 16. Qxc3 d4 17. Qf3 Qe5+ 18. Qe4 Qg7 19. Bd3 Bd7 20. O-O O-O-O 21.
Qf3 Rdg8 22. Bxf5 exf5 23. Nh3 c5 24. b5 f4 25. Nxf4 Bg4 26. Qd3 h4 27. h3 Bh5
28. Kh1 Qg5 29. Qe4 Re8 30. Qd5 Re5 31. Nxh5 Qxh5 32. Qf3 Qg6 33. Qg4+ Qxg4 34.
hxg4 Re2 35. Rcd1 Rhe8 36. Kh2 R8e6 37. Kh3 R6e4 38. f3 Re6 39. Rfe1 Rxd2 40.
Rxd2 Rxe1 41. Kxh4 Rc1 42. Kg5 Kd7 43. Kf6 Rxc4 44. Kxf7 Rc3 45. g5 Re3 46. g6
Re7+ 47. Kf8 Re8+ 48. Kf7 Re7+ 49. Kf6 Re6+ 50. Kg5 Ke7 51. f4 Kf8 52. f5 Re5
53. Kf6 Rd5 54. g4 c4 55. Rh2 Rd6+ 56. Ke5 1-0

[Event "ASKO Klubbmesterskap 2009 B"]
[Site "Oslo"]
[Date "2009.05.05"]
[Round "7"]
[White "Olaussen, Atle Gjøran"]
[Black "Øhman, Kjell Tage"]
[Result "0-1"]
[WhiteElo "1311"]
[BlackElo "1588"]
[PlyCount "54"]
[EventDate "2009.??.??"]

1. e4 c5 2. Nf3 Nc6 3. Nc3 Nf6 4. d4 cxd4 5. Nxd4 e5 6. Nde2 Bb4 7. a3 Ba5 8.
b4 Bb6 9. h3 h6 10. Ng3 Bd4 11. Bb2 d5 12. exd5 Nxd5 13. Qf3 Nf4 14. Rd1 O-O
15. Nb5 Bxb2 16. Rxd8 Rxd8 17. Bc4 a6 18. Nc7 Nd4 19. Qd1 Ra7 20. Nf5 Bxf5 21.
O-O Nde2+ 22. Bxe2 Rxd1 23. Bxd1 b5 24. Ne8 Rd7 25. Bf3 e4 26. Bg4 Bxg4 27.
hxg4 Kf8 0-1

[Event "ASKO Klubbmesterskap 2009 A"]
[Site "Oslo"]
[Date "2009.05.05"]
[Round "7"]
[White "Søreng, Eirik"]
[Black "Skrondal, Inge Sandstad"]
[Result "1/2-1/2"]
[WhiteElo "1650"]
[BlackElo "2190"]
[PlyCount "77"]
[EventDate "2009.??.??"]

1. d4 Nf6 2. c4 g6 3. Nc3 d5 4. cxd5 Nxd5 5. Na4 e5 6. dxe5 Bb4+ 7. Bd2 Ne3 8.
fxe3 Bxd2+ 9. Qxd2 Qh4+ 10. g3 Qxa4 11. Bg2 O-O 12. Nf3 Nc6 13. O-O Bg4 14. Ng5
Rad8 15. Qc3 Bxe2 16. Rf4 Rd1+ 17. Kf2 Qb5 18. Bxc6 bxc6 19. Rxd1 Bxd1 20. Ne4
Rb8 21. Nf6+ Kg7 22. e6 Qxb2+ 23. Qxb2 Rxb2+ 24. Ke1 fxe6 25. Kxd1 Rxa2 26.
Ne8+ Kh6 27. h3 Rg2 28. g4 Kg5 29. Nxc7 e5 30. Ne6+ Kh4 31. Ra4 g5 32. Rxa7 h6
33. Rh7 Kxh3 34. Nxg5+ Kxg4 35. Nf7 Kf3 36. Rxh6 Kxe3 37. Nxe5 c5 38. Rh3+ Ke4
39. Nc4 1/2-1/2

[Event "ASKO Klubbmesterskap 2009 B"]
[Site "Oslo"]
[Date "2009.05.19"]
[Round "8"]
[White "Chikwati, Elvis"]
[Black "Valle, Stian"]
[Result "1-0"]
[WhiteElo "1262"]
[BlackElo "1163"]
[PlyCount "71"]
[EventDate "2009.??.??"]

1. Nf3 Nf6 2. c4 g6 3. b4 Bg7 4. Bb2 O-O 5. d3 d6 6. Nbd2 a5 7. b5 c6 8. a4 Bd7
9. e3 d5 10. Qc2 Qb6 11. Be2 Rc8 12. c5 cxb5 13. d4 bxa4 14. Ne5 Be8 15. Ba3
Qc7 16. Qb2 Nfd7 17. f4 Nc6 18. Ndf3 Rab8 19. Bb5 Ndxe5 20. fxe5 b6 21. Qe2
bxc5 22. Bxc5 Nxe5 23. Bxe8 Nxf3+ 24. Qxf3 Rxe8 25. Qxd5 Rb3 26. O-O e6 27. Qf3
Qd7 28. Qf2 Reb8 29. Qf4 Bh6 30. Qxh6 Qd5 31. Qf4 R8b7 32. Qh6 Rb8 33. Rxf7
Rb1+ 34. Rf1 R1b2 35. Rf8+ Rxf8 36. Qxf8# 1-0

[Event "ASKO Klubbmesterskap 2009 B"]
[Site "Oslo"]
[Date "2009.05.19"]
[Round "8"]
[White "Fjellheim, Marius"]
[Black "Gundersen, Vegard"]
[Result "1-0"]
[WhiteElo "1420"]
[BlackElo "1223"]
[PlyCount "53"]
[EventDate "2009.??.??"]

1. e4 e6 2. d4 d5 3. e5 c5 4. c3 Nc6 5. Nf3 Qb6 6. Bd3 Bd7 7. O-O Be7 8. dxc5
Bxc5 9. Qe2 f6 10. b4 Be7 11. Na3 Nxe5 12. Nxe5 fxe5 13. Qh5+ Kd8 14. Be3 Qc7
15. Nb5 Bxb5 16. Bxb5 g6 17. Qh3 Qc8 18. Rfd1 Nf6 19. c4 d4 20. Bxd4 exd4 21.
Rxd4+ Kc7 22. Qg3+ Kb6 23. Rd6+ Bxd6 24. Qxd6+ Qc6 25. Bxc6 bxc6 26. b5 Rac8
27. Qd4+ 1-0

[Event "ASKO Klubbmesterskap 2009 A"]
[Site "Oslo"]
[Date "2009.05.19"]
[Round "8"]
[White "Olsen, Andrei"]
[Black "Søreng, Eirik"]
[Result "0-1"]
[WhiteElo "1623"]
[BlackElo "1650"]
[PlyCount "54"]
[EventDate "2009.??.??"]

1. e4 e5 2. Nf3 Nc6 3. Bb5 a6 4. Ba4 Nf6 5. d3 b5 6. Bb3 Be7 7. c3 d6 8. h3 a5
9. O-O O-O 10. Re1 a4 11. Bc2 d5 12. exd5 Nxd5 13. Nxe5 Nxe5 14. Rxe5 Bf6 15.
Re1 c5 16. Nd2 Qc7 17. Ne4 Be5 18. Nxc5 Bxc3 19. bxc3 Qxc5 20. c4 Bb7 21. Rb1
Nc3 22. d4 Qxc4 23. Bxh7+ Kxh7 24. Qh5+ Kg8 25. Bh6 Qc6 26. Qg4 Qxh6 27. Rb2
Ra6 0-1

[Event "ASKO Klubbmesterskap 2009 A"]
[Site "Oslo"]
[Date "2009.05.19"]
[Round "8"]
[White "Skrondal, Inge Sandstad"]
[Black "Einarsen, Kenneth"]
[Result "1-0"]
[WhiteElo "2190"]
[BlackElo "1850"]
[PlyCount "39"]
[EventDate "2009.??.??"]

1. e4 c5 2. Nc3 Nc6 3. f4 e6 4. Nf3 Nge7 5. d4 cxd4 6. Nxd4 a6 7. Nb3 d5 8.
exd5 exd5 9. Bd3 g6 10. Ne2 Nb4 11. Be3 Nxd3+ 12. Qxd3 Nf5 13. O-O-O Be6 14.
Rhe1 Be7 15. Nc3 Bb4 16. Bc5 Bxc3 17. Qxc3 Kd7 18. Qb4 b5 19. g4 Ng7 20. Bd4
1-0

[Event "ASKO Klubbmesterskap 2009 A"]
[Site "Oslo"]
[Date "2009.06.02"]
[Round "9"]
[White "Ali, Karim"]
[Black "Briseid, Håkon"]
[Result "0-1"]
[WhiteElo "1666"]
[BlackElo "1933"]
[PlyCount "121"]
[EventDate "2009.??.??"]

1. e4 c5 2. d4 cxd4 3. c3 d3 4. Bxd3 e6 5. c4 Qc7 6. Nc3 a6 7. Nf3 Nc6 8. Qe2
Nge7 9. Be3 Ng6 10. O-O Nf4 11. Qd2 Nxd3 12. Qxd3 Nb4 13. Qe2 Bc5 14. Bg5 O-O
15. Rfd1 Nc6 16. a3 Ne5 17. b4 Nxf3+ 18. Qxf3 Bd6 19. h3 b6 20. Qd3 Bh2+ 21.
Kh1 f6 22. Be3 Bf4 23. Na4 Bxe3 24. Qxe3 Rb8 25. c5 bxc5 26. Nxc5 a5 27. Rac1
Qe5 28. f4 Qh5 29. Nxd7 Bxd7 30. Rxd7 Rfd8 31. Qa7 Rxd7 32. Qxd7 Qe8 33. Qxe8+
Rxe8 34. b5 a4 35. b6 Rb8 36. Rc6 e5 37. f5 Kf8 38. Re6 Rd8 39. Kg1 Rd1+ 40.
Kf2 Rb1 41. Ke2 Rb2+ 42. Kd3 Rb3+ 43. Kc4 Rxa3 44. Kb4 Ra1 45. Rc6 a3 46. Kb3
h5 47. Rc8+ Ke7 48. Rc7+ Kd6 49. Rxg7 Rb1+ 50. Kxa3 Rxb6 51. Rh7 Kc5 52. Rxh5
Kd4 53. Rh4 Kc3 54. Ka4 Kc4 55. Ka5 Kc5 56. Rh8 Rb2 57. Rc8+ Kd4 58. g4 Kxe4
59. Rc6 Rh2 60. Rxf6 Rxh3 61. g5 0-1

[Event "ASKO Klubbmesterskap 2009 A"]
[Site "Oslo"]
[Date "2009.06.02"]
[Round "9"]
[White "Einarsen, Kenneth"]
[Black "Olsen, Andrei"]
[Result "1-0"]
[WhiteElo "1850"]
[BlackElo "1623"]
[PlyCount "57"]
[EventDate "2009.??.??"]

1. e4 c5 2. Nf3 e6 3. d4 cxd4 4. c3 dxc3 5. Nxc3 d6 6. Bc4 Nc6 7. O-O Be7 8.
Qe2 a6 9. Rd1 Qc7 10. Bf4 Ne5 11. Bxe5 dxe5 12. Rac1 Qa5 13. Bb5+ axb5 14. Nxb5
Rb8 15. Nxe5 Nf6 16. Rc7 O-O 17. Rxe7 Nxe4 18. Qxe4 Qxb5 19. Qf4 Qe2 20. Rf1 b6
21. h4 Ba6 22. Rc1 Qh5 23. Nd7 Rbc8 24. Nxf8 Rxc1+ 25. Qxc1 Kxf8 26. Ra7 Bb5
27. Qc8+ Be8 28. Qd8 Qd5 29. Qe7+ 1-0

[Event "ASKO Klubbmesterskap 2009 A"]
[Site "Oslo"]
[Date "2009.06.02"]
[Round "9"]
[White "Hole, Øystein"]
[Black "Skrondal, Inge Sandstad"]
[Result "1-0"]
[WhiteElo "2374"]
[BlackElo "2190"]
[PlyCount "54"]
[EventDate "2009.??.??"]

1. Nf3 Nf6 2. g3 g6 3. Bg2 Bg7 4. O-O O-O 5. d3 d6 6. e4 e5 7. Nbd2 Nbd7 8. Nc4
Nc5 9. b4 Na4 10. Bd2 Be6 11. Ne3 c6 12. c4 b5 13. Qc2 Rc8 14. Rac1 Nd7 15.
Rfd1 a6 16. h4 h6 17. Be1 c5 18. bxc5 dxc5 19. Rb1 Rb8 20. Nd2 Kh8 21. Nb3 b4
22. Nd5 Nf6 23. a3 a5 24. Nxa5 Qxa5 25. axb4 Qa8 26. Ra1 cxb4 27. Bxb4 Nxd5 1-0

[Event "ASKO Klubbmesterskap 2009 B"]
[Site "Oslo"]
[Date "2009.06.02"]
[Round "9"]
[White "Syversrud, Jørn Christian"]
[Black "Olaussen, Atle Gjøran"]
[Result "0-1"]
[WhiteElo "1274"]
[BlackElo "1311"]
[PlyCount "82"]
[EventDate "2009.??.??"]

1. e4 e5 2. Nf3 Nc6 3. d4 exd4 4. Bc4 Be7 5. c3 Na5 6. Qxd4 Nxc4 7. Qxc4 d6 8.
O-O Bd7 9. Na3 a6 10. Re1 Be6 11. Qd3 Qd7 12. Bf4 O-O-O 13. Nd4 Nf6 14. Nac2 c5
15. Nf5 Rhg8 16. Nxe7+ Qxe7 17. Rad1 d5 18. exd5 Rxd5 19. Qe2 Qd8 20. Rxd5 Qxd5
21. Rd1 Qe4 22. Qxe4 Nxe4 23. f3 Nf6 24. Ne3 g6 25. Kf2 Bxa2 26. b4 Nd7 27. Ng4
Re8 28. Rxd7 Kxd7 29. Nf6+ Ke7 30. Nxe8 Kxe8 31. bxc5 Kd7 32. Ke3 Kc6 33. Kd4
Kb5 34. Bd2 Bc4 35. Bc1 Be6 36. g4 Ka4 37. g5 Kb3 38. Bf4 a5 39. Bd6 a4 40. c6
bxc6 41. Bb4 a3 0-1